Informe diagnóstico de pruebas nacionales: Fortalezas y Debilidades (Record no. 8866)

MARC details
000 -LEADER
campo de control de longitud fija 00409nam a2200133Ia 4500
001 - NÚMERO DE CONTROL
campo de control 1390
008 - DATOS DE LONGITUD FIJA--INFORMACIÓN GENERAL
campo de control de longitud fija 241024s9999 xx 000 0 und d
082 ## - NÚMERO DE LA CLASIFICACIÓN DECIMAL DEWEY
Número de clasificación RD/371.26/R426i/2009
100 ## - ENTRADA PRINCIPAL--NOMBRE DE PERSONA
Nombre de persona República Dominicana. Secretaria de Estado de Educación
245 #0 - MENCIÓN DEL TÍTULO
Título Informe diagnóstico de pruebas nacionales: Fortalezas y Debilidades
260 ## - PUBLICACIÓN, DISTRIBUCIÓN, ETC.
Nombre del editor, distribuidor, etc. IDEICE
Fecha de publicación, distribución, etc. 2009
901 ## - ELEMENTOS DE DATOS A LOCAL LDA (RLIN)
a 30/3/2011 10:50:44 a.m.

No items available.

© 2024. Todos los Derechos Reservados. Desarrollado por IDEICE